[Event "FINAL MISTRZOSTW POLSKI JUNIOROW 2018 - GRUPA  C18"]
[Site "Jastrzebia Gora"]
[Date "1899-12-30"]
[Round "4.6"]
[White "Woloch, Oskar"]
[Black "Hrymowicz, Artur"]
[Result "1-0"]
[WhiteTitle "k"]
[BlackTitle "I++"]
[WhiteElo "2107"]
[BlackElo "2156"]

1. d4 Nf6 2. g3 d5 3. Bg2 e6 4. c4 Be7 5. Nf3 O-O 6. O-O Nbd7 7. Qc2 b6 8. cxd5
Nxd5 9. a3 Bb7 10. e4 N5f6 11. Nc3 c5 12. Rd1 cxd4 13. Nxd4 Qc8 14. Qe2 Ne5 15.
Bf4 Ng6 16. Be3 e5 17. Nf5 Rd8 18. Bg5 Ba6 19. Qf3 Qc6 20. Nd5 Nxd5 21. exd5 Qd7
22. Nxe7+ Nxe7 23. d6 Nf5 24. Bxd8 Rxd8 25. Bh3 Nd4 26. Rxd4 Qxh3 27. Rdd1 Qd7
28. Qc3 e4 29. Qc7 Bd3 30. Rac1 g6 31. Rc6 Kg7 32. Qxd7 Rxd7 33. f3 Be2 34. Rd4
Bxf3 35. Rc7 Rd8 36. d7 Kf6 37. Kf2 a5 38. Ke3 Bg4 39. Rd6+ Ke7 40. Rxb6 Bxd7
41. Kxe4 a4 42. Kd5 h5 43. Kc5 g5 44. Ra6 Ke8 45. Rh6 Ke7 46. Ra6 Ke8 47. Raa7
h4 48. Kd6 Be6+ 49. Ke5 hxg3 50. hxg3 Bb3 51. Re7+ Kf8 52. Red7 Re8+ 53. Kf6 Re6+
54. Kxg5 Re2 55. Rab7 Rxb2 56. Rxf7+ 1-0

[Event "FINAL MISTRZOSTW POLSKI JUNIOROW 2018 - GRUPA  C18"]
[Site "Jastrzebia Gora"]
[Date "1899-12-30"]
[Round "4.7"]
[White "Raczynski, Krzysztof"]
[Black "Walter, Szymon"]
[Result "1/2-1/2"]
[WhiteTitle "k+"]
[BlackTitle "k+"]
[WhiteElo "2124"]
[BlackElo "2330"]

1. e4 c5 2. Nf3 d6 3. d4 cxd4 4. Nxd4 Nf6 5. Nc3 a6 6. Be3 e5 7. Nb3 Be6 8. f3
h5 9. Nd5 Bxd5 10. exd5 Nbd7 11. c4 g6 12. Qd2 b6 13. Be2 Bg7 14. O-O O-O 15.
Nc1 Re8 16. Rb1 a5 17. b4 axb4 18. Qxb4 Qe7 19. Qd2 Kh7 20. Rb3 h4 21. Nd3 e4
22. Nb4 exf3 23. Bxf3 h3 24. Nc6 Qf8 25. gxh3 Ra4 26. Rb4 Ra3 27. Rb3 Ra4 28.
Rb4 Ra3 29. Rb3 Ra4 30. Rb4 Ra3 31. Rb3 1/2-1/2

[Event "FINAL MISTRZOSTW POLSKI JUNIOROW 2018 - GRUPA  C18"]
[Site "Jastrzebia Gora"]
[Date "1899-12-30"]
[Round "4.8"]
[White "Swider, Pawel"]
[Black "Sernecki, Franciszek"]
[Result "0-1"]
[WhiteTitle "I"]
[BlackTitle "I+"]
[WhiteElo "1941"]
[BlackElo "2160"]

1. d4 d5 2. Nf3 e6 3. c4 c5 4. cxd5 exd5 5. Nc3 Nc6 6. g3 c4 7. Bg2 Bb4 8. O-O
Nge7 9. Ne5 O-O 10. Nxc6 bxc6 11. Qa4 a5 12. e4 Be6 13. Be3 Rb8 14. Qc2 Qd7 15.
Bf4 Rb7 16. Na4 Ng6 17. Be3 Bh3 18. f3 Bxg2 19. Kxg2 Re8 20. b3 cxb3 21. axb3
dxe4 22. fxe4 Qe6 23. Rac1 Ba3 24. Rb1 Qxe4+ 25. Qxe4 Rxe4 26. Kf3 Rbe7 27. Rfe1
Bb4 28. Re2 f5 29. Rbb2 c5 30. Nxc5 Bxc5 31. dxc5 Ne5+ 32. Kg2 Ng4 33. c6 Nxe3+
34. Kf3 Nd5 35. Red2 Nb4 36. Rd6 Re3+ 37. Kg2 Rc7 38. Kf2 Rd3 0-1

[Event "FINAL MISTRZOSTW POLSKI JUNIOROW 2018 - GRUPA  C18"]
[Site "Jastrzebia Gora"]
[Date "1899-12-30"]
[Round "4.9"]
[White "Jordan, Adam"]
[Black "Brozyna, Mateusz"]
[Result "1/2-1/2"]
[WhiteTitle "I"]
[BlackTitle "I+"]
[WhiteElo "1748"]
[BlackElo "2147"]

1. d4 Nf6 2. Nf3 g6 3. c4 Bg7 4. Nc3 O-O 5. e4 d6 6. Be2 e5 7. O-O Nc6 8. d5 Ne7
9. Be3 Ng4 10. Bd2 f5 11. Ne1 Nf6 12. f3 f4 13. Nd3 g5 14. Rc1 Ng6 15. c5 Rf7
16. Nb5 Bf8 17. Ba5 b6 18. cxb6 cxb6 19. Be1 a6 20. Na3 a5 21. Nc4 g4 22. Bf2
Rb7 23. a4 h5 24. Nd2 Bd7 25. b3 Kh8 26. Kh1 Bh6 27. Nb2 Bg5 28. Bb5 h4 29. Bc6
Rab8 30. Bxb7 Rxb7 31. Nbc4 Qb8 32. fxg4 Bxg4 33. Qe1 h3 34. gxh3 Bxh3 35. Rg1
Bg4 36. Rc3 Qf8 37. Nxb6 Qh6 38. Nbc4 Rh7 39. Nf1 Qh5 40. Ncd2 Bd7 41. Nf3 Ng4
42. Bb6 Bh4 43. Qe2 Bg3 44. Nxg3 fxg3 45. Rxg3 Nf4 46. Qc2 Rf7 47. Be3 Rg7 48.
Bxf4 exf4 49. Rg2 Ne3 50. Rxe3 fxe3 51. Rxg7 Qxf3+ 52. Rg2 Bg4 53. Qc3+ Kh7 54.
Qe1 Kg6 55. Qg3 Kh5 56. Qxf3 Bxf3 57. Kg1 e2 58. Rxe2 Bxe2 59. Kf2 Bd1 60. Ke3
Kg5 61. h4+ Kf6 62. Kd4 Bxb3 63. h5 Bxa4 64. h6 Bd1 65. h7 Kg7 66. e5 dxe5+ 67.
Kxe5 a4 68. Kd4 a3 69. Kc3 Kxh7 1/2-1/2

[Event "FINAL MISTRZOSTW POLSKI JUNIOROW 2018 - GRUPA  C18"]
[Site "Jastrzebia Gora"]
[Date "1899-12-30"]
[Round "4.10"]
[White "Zaleski, Lukasz"]
[Black "Choina, Michal"]
[Result "1/2-1/2"]
[WhiteTitle "k"]
[BlackTitle "I++"]
[WhiteElo "2132"]
[BlackElo "1906"]

1. e4 e5 2. Nf3 Nc6 3. Bc4 Bc5 4. c3 Nf6 5. d3 h6 6. a4 a5 7. Na3 O-O 8. O-O d6
9. h3 Rb8 10. Nc2 Be6 11. Bxe6 fxe6 12. d4 exd4 13. cxd4 Bb6 14. Qd3 d5 15. e5
Ne4 16. Nd2 Nxe5 17. dxe5 Nxf2 18. Qg6 Nxh3+ 19. Kh2 Nf4 20. Qg4 h5 21. Qg3 Ne2
22. Qh3 Nf4 23. Qg3 Ne2 24. Qh3 Nf4 25. Qg3 1/2-1/2

[Event "FINAL MISTRZOSTW POLSKI JUNIOROW 2018 - GRUPA  C18"]
[Site "Jastrzebia Gora"]
[Date "1899-12-30"]
[Round "4.12"]
[White "Slomczewski, Michal"]
[Black "Kus, Aleksander"]
[Result "1-0"]
[WhiteTitle "I+"]
[BlackTitle "k"]
[WhiteElo "2045"]
[BlackElo "2009"]

1. f4 Nf6 2. Nf3 g6 3. b3 Bg7 4. Bb2 O-O 5. g3 d6 6. Bg2 Re8 7. O-O Nbd7 8. d4
c6 9. Qd3 Qc7 10. e4 Nh5 11. e5 dxe5 12. fxe5 Nb6 13. c4 Bh6 14. Nc3 Bf5 15. Ne4
Rad8 16. Nh4 Ng7 17. Nxf5 Nxf5 18. Rae1 Nd7 19. Qf3 Rf8 20. Bh3 Ng7 21. Qg4 f5
22. Qh4 fxe4 23. Qxh6 Rxf1+ 24. Rxf1 e6 25. Qf4 Rf8 26. Qxe4 Rxf1+ 27. Bxf1 Qa5
28. a3 Qd2 29. Qe2 Qg5 30. Bg2 Nb6 31. a4 a5 32. g4 h5 33. h3 hxg4 34. hxg4 Qf4
35. Bf3 Qg3+ 36. Kf1 Nd7 37. Qf2 Qf4 38. Kg2 Nf8 39. Bc3 Qc1 40. Qd2 Qb1 41. Qd1
Qa2+ 42. Kg3 g5 43. d5 cxd5 44. cxd5 exd5 45. Bxd5+ Nge6 46. Bxe6+ Nxe6 47. Qd5
Qe2 48. Qxe6+ Kh7 49. Qf7+ Kh6 50. Qh5+ Kg7 51. e6+ 1-0

[Event "FINAL MISTRZOSTW POLSKI JUNIOROW 2018 - GRUPA  C18"]
[Site "Jastrzebia Gora"]
[Date "1899-12-30"]
[Round "4.13"]
[White "Bilczewski, Kacper"]
[Black "Koloczek, Maciej"]
[Result "1-0"]
[WhiteTitle "k+"]
[BlackTitle "I"]
[WhiteElo "2161"]
[BlackElo "1864"]

1. e4 e6 2. d4 d5 3. e5 c5 4. c3 Nc6 5. Nf3 Bd7 6. Be2 Nge7 7. Na3 cxd4 8. cxd4
Nf5 9. Nc2 Be7 10. O-O h5 11. Ne3 g5 12. Nxf5 exf5 13. Qd3 f4 14. Bd2 Bg4 15.
Rfd1 Qd7 16. Qb3 Bf5 17. Bb5 g4 18. e6 Bxe6 19. Ne5 Qc8 20. Bxf4 O-O 21. Rac1
Qd8 22. Bxc6 bxc6 23. Nxc6 Qd7 24. Ne5 Qd8 25. Nc6 Qd7 26. Nxe7+ Qxe7 27. Rc7
Qf6 28. Be5 Qf5 29. Qe3 Kh7 30. Rf1 Qe4 31. Qg5 Qg6 32. Qe7 Rfe8 33. Qc5 Rec8
34. Rxc8 Rxc8 35. Qxa7 h4 36. Qe7 Qh6 37. Bc7 Ra8 38. a3 Ra4 39. Be5 Rc4 40. Qd8
Rc8 41. Qf6 h3 42. Qxh6+ Kxh6 43. Bf4+ Kg6 44. Rc1 Rxc1+ 45. Bxc1 Bd7 46. b3 Kf5
47. f3 gxf3 48. gxf3 Ke6 49. Kf2 Kd6 50. Kg3 Kc7 51. a4 Bf5 52. b4 Kb6 53. Bg5
Kc6 54. Be7 Kd7 55. Bc5 Kc6 56. b5+ Kc7 57. a5 Kb7 58. a6+ Ka8 59. b6 Kb8 60.
Bd6+ 1-0

[Event "FINAL MISTRZOSTW POLSKI JUNIOROW 2018 - GRUPA  C18"]
[Site "Jastrzebia Gora"]
[Date "1899-12-30"]
[Round "4.14"]
[White "Dryja, Szymon"]
[Black "Kaminski, Maciej"]
[Result "1-0"]
[WhiteTitle "I++"]
[BlackTitle "I++"]
[WhiteElo "1896"]
[BlackElo "1957"]

1. d4 Nf6 2. c4 g6 3. Nc3 Bg7 4. e4 d6 5. Be2 O-O 6. Be3 e5 7. d5 a5 8. g4 Na6
9. g5 Ne8 10. h4 f5 11. gxf6 Bxf6 12. Nf3 Bg4 13. Ng5 Bxe2 14. Qxe2 Ng7 15. O-O-O
Qe7 16. Rdg1 Bxg5 17. Rxg5 Kh8 18. Qg4 Nc5 19. h5 Nd3+ 20. Kb1 gxh5 21. Qg2 Nf4
22. Bxf4 Rxf4 23. Rg1 Rf7 24. Nd1 Raf8 25. f3 Qf6 26. Ne3 Rd7 27. Nf5 Rff7 28.
Rxh5 c6 29. Rg5 cxd5 30. cxd5 Rc7 31. a4 b6 32. Qh2 Qd8 33. Qg3 Qd7 34. b3 Rb7
35. Qh4 Qc8 36. Nxd6 Qc3 37. Nxf7+ Rxf7 38. Qf2 Qxb3+ 39. Qb2 Qd3+ 40. Qc2 Qa6
41. Rxe5 Rxf3 42. Re7 Rf1+ 43. Rxf1 Qxf1+ 44. Ka2 h5 45. Qc8+ 1-0

[Event "FINAL MISTRZOSTW POLSKI JUNIOROW 2018 - GRUPA  C18"]
[Site "Jastrzebia Gora"]
[Date "1899-12-30"]
[Round "4.15"]
[White "Janiszewski, Filip"]
[Black "Jarzebowski, Kacper"]
[Result "1-0"]
[WhiteTitle "I++"]
[BlackTitle "I++"]
[WhiteElo "1869"]
[BlackElo "1914"]

1. e4 e5 2. Nf3 Nc6 3. Bb5 f5 4. Nc3 fxe4 5. Nxe4 d5 6. Nxe5 dxe4 7. Qh5+ g6 8.
Nxg6 hxg6 9. Bxc6+ bxc6 10. Qxh8 Qf6 11. Qxf6 Nxf6 12. d4 exd3 13. cxd3 Bf5 14.
Bg5 Nd5 15. O-O Bxd3 16. Rfe1+ Kd7 17. Rac1 Rb8 18. b3 Bd6 19. h4 Bf5 20. Rc4
Rb4 21. Rec1 Rxc4 22. Rxc4 Bb1 23. Ra4 Bc5 24. g4 Bd3 25. h5 Nc3 26. Ra5 Bb5 27.
h6 Ne4 28. Be3 Bxe3 29. fxe3 Nf6 30. Rxa7 g5 31. Ra5 Nh7 32. Kf2 Bd3 33. Kf3 Ke6
34. Rc5 Kd6 35. Rc3 Bb1 36. a4 Nf6 37. a5 Be4+ 38. Kg3 c5 39. a6 Kc6 40. b4 Bh7
41. Rxc5+ Kb6 42. Rxg5 Ne4+ 43. Kf4 Nxg5 44. Kxg5 Kxa6 45. Kf6 Kb5 46. g5 Kxb4
47. g6 1-0

[Event "FINAL MISTRZOSTW POLSKI JUNIOROW 2018 - GRUPA  C18"]
[Site "Jastrzebia Gora"]
[Date "1899-12-30"]
[Round "4.16"]
[White "Raclawicki, Kacper"]
[Black "Kupiecki, Szymon"]
[Result "1-0"]
[WhiteTitle "I"]
[BlackTitle "I"]
[WhiteElo "1738"]
[BlackElo "1827"]

1. e4 c5 2. d4 cxd4 3. c3 d3 4. Bxd3 g6 5. Be3 Bg7 6. Ne2 Nc6 7. O-O Nf6 8. f3
O-O 9. c4 d6 10. Nbc3 Nd7 11. f4 Nc5 12. Rc1 Bg4 13. Qd2 Rc8 14. Bb1 Qa5 15. Nd4
Nxd4 16. Bxd4 Bxd4+ 17. Qxd4 Bd7 18. Nd5 Qd8 19. f5 f6 20. Rc3 Bc6 21. b4 Nd7
22. Nf4 Ne5 23. Ne6 Qb6 24. c5 dxc5 25. bxc5 Qa5 26. Bc2 g5 27. Bb3 Rf7 28. Nxg5
Rd8 29. Qe3 Be8 30. Qg3 Kh8 31. Ne6 Rd2 32. Qe3 Re2 33. Qxe2 Qxc3 34. Rd1 Nc6
35. Rd3 Qc1+ 36. Kf2 h6 37. Rh3 Rh7 38. Rg3 Na5 39. Bd5 Bc6 40. Nd8 Qf4+ 41. Qf3
Qd2+ 42. Qe2 Qf4+ 43. Ke1 Bxd5 44. exd5 Qc1+ 45. Qd1 Qxc5 46. Qd2 Qg1+ 47. Ke2
Qxh2 48. Qf4 Qh5+ 49. Kf2 Rg7 50. Rh3 Qg5 51. Qxg5 fxg5 52. Rxh6+ Rh7 53. Rg6
b5 54. Nc6 Nxc6 55. dxc6 Rf7 56. g4 a5 1-0

[Event "FINAL MISTRZOSTW POLSKI JUNIOROW 2018 - GRUPA  C18"]
[Site "Jastrzebia Gora"]
[Date "1899-12-30"]
[Round "4.17"]
[White "Rak, Maciej"]
[Black "Bojczewski, Rafal"]
[Result "1-0"]
[WhiteTitle "I"]
[BlackTitle "I+"]
[WhiteElo "1694"]
[BlackElo "1790"]

1. e4 e5 2. Nf3 Nc6 3. Bb5 a6 4. Ba4 Nf6 5. O-O Be7 6. Re1 b5 7. Bb3 O-O 8. a4
Rb8 9. d3 d6 10. Nbd2 Bg4 11. h3 Bh5 12. a5 Nd4 13. g4 Nxb3 14. Nxb3 Bg6 15. Bg5
Re8 16. Bxf6 Bxf6 17. Nbd2 c6 18. Nf1 d5 19. Ng3 Qe7 20. Qd2 h6 21. Kg2 Rbd8 22.
Qc3 Qd6 23. h4 d4 24. Qd2 Be7 25. Rg1 Rf8 26. Rad1 c5 27. h5 Bh7 28. g5 hxg5 29.
Nxg5 Qf6 30. Nxh7 Kxh7 31. Nf5 Qg5+ 32. Kf1 Qxd2 33. Rxg7+ Kh8 34. Rxd2 Bf6 35.
h6 Rd7 36. f3 Rg8 37. Rh2 c4 38. Ke2 Rc7 39. Rh3 Rd7 40. Rxg8+ Kxg8 41. h7+ Kh8
42. Rh6 cxd3+ 43. Kxd3 Bd8 44. Rxa6 Kxh7 45. Ra8 Kg6 46. a6 1-0

[Event "FINAL MISTRZOSTW POLSKI JUNIOROW 2018 - GRUPA  C18"]
[Site "Jastrzebia Gora"]
[Date "1899-12-30"]
[Round "5.1"]
[White "Gumularz, Szymon"]
[Black "Kowalski, Igor"]
[Result "1/2-1/2"]
[WhiteTitle "FM"]
[BlackTitle "FM"]
[WhiteElo "2462"]
[BlackElo "2303"]

1. e4 e5 2. Nf3 Nc6 3. Bc4 Bc5 4. c3 Nf6 5. d3 O-O 6. Nbd2 d5 7. exd5 Nxd5 8. Ne4
Be7 9. O-O Bg4 10. h3 Bh5 11. Ng3 Bg6 12. Re1 Nb6 13. Bb5 Bf6 14. Bxc6 bxc6 15.
Nxe5 Bxe5 16. Rxe5 Qxd3 17. Qxd3 Bxd3 18. b3 Rfe8 19. Rxe8+ Rxe8 20. Be3 a5 21.
Rd1 Bg6 22. c4 a4 23. Rd2 h6 24. Bf4 axb3 25. axb3 Re7 26. f3 Re1+ 27. Kh2 Re7
28. Ne2 Rd7 29. Rxd7 Nxd7 30. Bxc7 Nc5 31. Nd4 Ne6 32. Nxe6 fxe6 33. c5 Kf7 34.
Kg3 Bc2 35. b4 Ba4 36. Kf4 Bb5 37. Ke5 Ba4 38. Kd6 Bb5 39. Bd8 Ba4 40. Bh4 Bb5
41. Bf2 Ba4 42. Bd4 g6 43. Be3 h5 44. g4 hxg4 45. fxg4 Bb5 46. Bd4 Ba4 47. Be5
Bb5 48. Bb2 Ba4 49. Ke5 Bb5 50. Kf4 Ba6 51. h4 Bb5 52. Kg5 Ba6 53. Be5 Bb5 54.
Kh6 Be2 55. Kg5 Bb5 56. h5 gxh5 57. gxh5 Kg8 58. Kf6 Kh7 59. Bf4 Bc4 60. Ke5 Bb5
61. Kd6 Ba4 62. Kxe6 Bb5 63. Kd6 Ba4 64. Kc7 Bb5 65. Kb6 Kg7 66. Be3 1/2-1/2

[Event "FINAL MISTRZOSTW POLSKI JUNIOROW 2018 - GRUPA  C18"]
[Site "Jastrzebia Gora"]
[Date "1899-12-30"]
[Round "5.2"]
[White "Grela, Kacper"]
[Black "Karpus, Michal"]
[Result "1/2-1/2"]
[WhiteTitle "FM"]
[BlackTitle "FM"]
[WhiteElo "2321"]
[BlackElo "2367"]

1. Nf3 d5 2. d4 Nf6 3. c4 e6 4. Nc3 Nbd7 5. Bf4 dxc4 6. e3 b5 7. Nxb5 Bb4+ 8. Nc3
Nd5 9. a3 Nxc3 10. Qd2 Nd5 11. axb4 Nxf4 12. exf4 Bb7 13. Be2 Nb6 14. O-O O-O
15. Ra5 Qd6 16. Rd1 Rfb8 17. Ne5 f6 18. Nf3 Bd5 19. Ne1 Rb7 20. Nc2 c6 21. g3
Rab8 22. Rda1 Qd7 23. Rc5 Qe7 24. Qc3 Rd8 25. h4 Rbd7 26. Ne3 Be4 27. Rca5 Nd5
28. Qxc4 Qxb4 29. Nxd5 Qxc4 30. Nxf6+ gxf6 31. Bxc4 Rxd4 32. Bxe6+ Kh8 33. Re1
Rd1 34. Ra1 Rxa1 35. Rxa1 Rd2 36. b3 f5 37. Bc4 Rb2 38. Kf1 Kg7 39. Rxa7+ Kg6
40. Re7 Bf3 41. Re3 Rb1+ 42. Re1 Rb2 43. Bd3 Rd2 44. Re6+ Kg7 45. Be2 Bd5 46.
Re3 Kf6 47. Bf3 Rb2 48. Bxd5 cxd5 49. Re5 d4 50. Rd5 Rxb3 51. Rxd4 h5 52. Rd6+
Kg7 53. Ke2 Ra3 54. Rd3 Ra4 55. Rb3 Re4+ 56. Kd3 Re1 57. Rb2 Kf6 58. Rb8 Kg7 59.
Ra8 Rd1+ 60. Ke3 Re1+ 61. Kd4 Re2 62. Ra3 Kf6 63. Ra6+ Kg7 64. Kd5 Rxf2 65. Ke6
Rf3 66. Ra5 Rxg3 67. Rxf5 Rg4 68. Rg5+ Kf8 69. f5 Rxg5 70. hxg5 h4 71. f6 h3 72.
g6 h2 73. g7+ Kg8 74. Ke7 h1=Q 75. f7+ Kxg7 76. f8=Q+ Kh7 77. Qf5+ 1/2-1/2

[Event "FINAL MISTRZOSTW POLSKI JUNIOROW 2018 - GRUPA  C18"]
[Site "Jastrzebia Gora"]
[Date "1899-12-30"]
[Round "5.3"]
[White "Wyczling, Bartosz"]
[Black "Chylewski, Patryk"]
[Result "1/2-1/2"]
[WhiteTitle "k"]
[BlackTitle "FM"]
[WhiteElo "2103"]
[BlackElo "2313"]

1. d4 d5 2. c4 e6 3. Nc3 a6 4. Nf3 Nf6 5. cxd5 exd5 6. Bg5 Be6 7. e3 Nbd7 8. Bd3
Bd6 9. Qc2 c6 10. O-O Qc7 11. h3 h6 12. Bxf6 Nxf6 13. Rae1 O-O 14. Nh4 Rfe8 15.
f4 c5 16. Nf3 cxd4 17. Nxd4 Rac8 18. Qb3 Qa5 19. Qxb7 Ra8 20. Nc6 Qc7 21. Qxc7
Bxc7 22. Nd4 Reb8 23. Re2 Bd6 24. Rc2 Rb6 25. Na4 Rb4 26. b3 a5 27. Nb5 Bf8 28.
Nc7 Rc8 29. Nxe6 Rxc2 30. Bxc2 fxe6 31. Bd3 Nd7 32. Rc1 Nb6 33. Nc5 Bxc5 34. Rxc5
a4 35. Rb5 axb3 36. axb3 Rxb5 37. Bxb5 Kf7 38. Kf2 e5 39. Ke2 Ke6 40. fxe5 Kxe5
41. Kd3 g5 42. Be8 Nc8 43. Ke2 d4 44. exd4+ Kxd4 45. Kf3 Ke5 46. Kg4 Kf6 47. Kh5
Kg7 48. b4 Ne7 49. Kg4 Nd5 50. Bc6 Nxb4 1/2-1/2

[Event "FINAL MISTRZOSTW POLSKI JUNIOROW 2018 - GRUPA  C18"]
[Site "Jastrzebia Gora"]
[Date "1899-12-30"]
[Round "5.4"]
[White "Lukasiewicz, Krzysztof"]
[Black "Woloch, Oskar"]
[Result "1-0"]
[WhiteTitle "k"]
[BlackTitle "k"]
[WhiteElo "2209"]
[BlackElo "2107"]

1. e4 e5 2. Nf3 Nc6 3. Bc4 Nf6 4. d3 Be7 5. O-O O-O 6. Re1 d6 7. c3 Na5 8. Bb5
a6 9. Ba4 b5 10. Bc2 c5 11. h3 Re8 12. Nbd2 Bf8 13. d4 cxd4 14. cxd4 Qc7 15. Nf1
h6 16. b3 Nc6 17. Bb2 Nb4 18. Bb1 Bb7 19. d5 a5 20. a3 Na6 21. Bd3 b4 22. a4 Nc5
23. Bb1 Ba6 24. Ng3 g6 25. Bc1 Bg7 26. Be3 Nfd7 27. Bc2 Qd8 28. Qd2 Kh7 29. h4
Rc8 30. h5 Nf6 31. Nh2 Ncd7 32. Rac1 Nxh5 33. Nxh5 gxh5 34. Qd1 f5 35. exf5 Nf6
36. Nf3 Bb7 37. Nh4 Bxd5 38. f3 Bf7 39. Bd3 Rxc1 40. Bxc1 d5 41. Ng6 e4 42. Bb5
Rg8 43. Bb2 Bxg6 44. fxg6+ Kxg6 45. Bxf6 Qb6+ 46. Kf1 Qxf6 47. Qxd5 Kh7 48. Qxe4+
Qg6 49. Qd5 Bd4 50. Re7+ Rg7 51. Rxg7+ Qxg7 52. Bd3+ 1-0

[Event "FINAL MISTRZOSTW POLSKI JUNIOROW 2018 - GRUPA  C18"]
[Site "Jastrzebia Gora"]
[Date "1899-12-30"]
[Round "5.5"]
[White "Sernecki, Franciszek"]
[Black "Szustakowski, Antoni"]
[Result "0-1"]
[WhiteTitle "I+"]
[BlackTitle "FM"]
[WhiteElo "2160"]
[BlackElo "2297"]

1. d4 Nf6 2. Nf3 e6 3. e3 b6 4. Bd3 Bb7 5. O-O d5 6. c4 dxc4 7. Bxc4 a6 8. a3 Nbd7
9. Nc3 b5 10. Ba2 c5 11. Qe2 Be7 12. dxc5 Nxc5 13. b4 Nce4 14. Nxe4 Bxe4 15. Rd1
Qb6 16. Bb2 O-O 17. Nd4 Rac8 18. Rac1 Rfd8 19. Rxc8 Rxc8 20. Nb3 Bd5 21. f3 Bc4
22. Qf2 Rd8 23. Rd2 Qc7 24. Qe1 Rd7 25. Nc1 Rxd2 26. Qxd2 Nd5 27. Bxc4 bxc4 28.
Ne2 h6 29. e4 Nb6 30. Bd4 Nd7 31. Bc3 Bg5 32. Qd1 Be3+ 33. Kh1 Ne5 34. Bxe5 Qxe5
35. Qb1 Qd6 36. Qc2 Qd3 37. Qxd3 cxd3 38. Nc3 Bc1 39. b5 axb5 40. Kg1 Bb2 41.
Nd1 Bxa3 42. Kf2 Bc5+ 43. Ke1 Bb4+ 44. Kf2 Kf8 45. Ke3 d2 46. Kd4 Ke7 47. e5 Kd7
48. f4 Kc6 49. h3 Kb6 50. g4 Ka5 51. Nb2 Ba3 52. Nd1 Kb4 53. h4 g6 54. h5 gxh5
55. gxh5 Kb3 56. Kd3 Bc1 57. Nc3 b4 58. Nd1 Ka2 59. Kc4 b3 60. Nc3+ Ka3 61. Nb1+
Kb2 62. Nc3 Kc2 63. f5 b2 64. fxe6 fxe6 65. Kb4 b1=Q+ 66. Nxb1 Kxb1 67. Kc3 d1=Q
68. Kb4 Qd3 69. Ka5 Qb3 70. Ka6 Be3 71. Ka5 Bc5 72. Ka6 Qb6# 0-1

[Event "FINAL MISTRZOSTW POLSKI JUNIOROW 2018 - GRUPA  C18"]
[Site "Jastrzebia Gora"]
[Date "1899-12-30"]
[Round "5.7"]
[White "Raczynski, Krzysztof"]
[Black "Koziol, Kamil"]
[Result "0-1"]
[WhiteTitle "k+"]
[BlackTitle "FM"]
[WhiteElo "2124"]
[BlackElo "2262"]

1. e4 c5 2. Nf3 d6 3. d4 cxd4 4. Nxd4 Nf6 5. Nc3 Nc6 6. Bg5 Qb6 7. Nb3 e6 8. Qd2
Be7 9. O-O-O O-O 10. h4 Rd8 11. h5 h6 12. Bh4 d5 13. exd5 Nxd5 14. Bxe7 Ndxe7
15. Bd3 e5 16. g4 a5 17. g5 Bf5 18. gxh6 Nb4 19. Rhg1 g6 20. Qe2 Nxd3+ 21. cxd3
Nc6 22. hxg6 fxg6 23. Kb1 a4 24. Nc1 a3 25. Nb3 axb2 26. Kxb2 Nd4 27. h7+ Kf7
28. Qxe5 Rxa2+ 29. Kc1 Rc2+ 0-1

[Event "FINAL MISTRZOSTW POLSKI JUNIOROW 2018 - GRUPA  C18"]
[Site "Jastrzebia Gora"]
[Date "1899-12-30"]
[Round "5.8"]
[White "Choina, Michal"]
[Black "Bilczewski, Kacper"]
[Result "1/2-1/2"]
[WhiteTitle "I++"]
[BlackTitle "k+"]
[WhiteElo "1906"]
[BlackElo "2161"]

1. d4 d5 2. c4 e6 3. Nf3 Nf6 4. Nc3 c6 5. Bf4 dxc4 6. e3 b5 7. a4 Bb4 8. axb5 cxb5
9. Bxb8 Rxb8 10. Rxa7 Qb6 11. Ra1 O-O 12. Be2 Bb7 13. O-O Qc6 14. Ne1 Ra8 15.
Bf3 Nd5 16. Rxa8 Rxa8 17. Nc2 Be7 18. e4 Nf4 19. d5 Qb6 20. dxe6 fxe6 21. Qd7
Bc5 22. Qxb5 Qxb5 23. Nxb5 Ra2 24. Nc3 Rxb2 25. Na4 Rxc2 26. Nxc5 Bc6 27. g3 Nh3+
28. Kg2 Ng5 29. h4 Nxf3 30. Kxf3 Kf7 31. Rb1 1/2-1/2

[Event "FINAL MISTRZOSTW POLSKI JUNIOROW 2018 - GRUPA  C18"]
[Site "Jastrzebia Gora"]
[Date "1899-12-30"]
[Round "5.9"]
[White "Hrymowicz, Artur"]
[Black "Jordan, Adam"]
[Result "1/2-1/2"]
[WhiteTitle "I++"]
[BlackTitle "I"]
[WhiteElo "2156"]
[BlackElo "1748"]

1. e4 c6 2. c4 d5 3. exd5 cxd5 4. cxd5 Qxd5 5. Nc3 Qd8 6. d4 Nf6 7. Nf3 e6 8. Bd3
Be7 9. O-O O-O 10. Bf4 b6 11. Nb5 Nd5 12. Bxb8 Rxb8 13. Nxa7 Bb7 14. Ne5 Nb4 15.
Bc4 Bf6 16. Re1 Bxe5 17. dxe5 Qg5 18. Bf1 Qg6 19. Re3 Rfd8 20. Qa4 Nc2 21. Rg3
Qf5 22. Rc1 Rd2 23. f4 g6 24. Rg5 Qe4 25. Qxe4 Bxe4 26. Nb5 Ne3 27. Nc3 Bb7 28.
b3 Rc8 29. Rg3 Nxf1 30. Kxf1 Rd4 31. Ke2 1/2-1/2

[Event "FINAL MISTRZOSTW POLSKI JUNIOROW 2018 - GRUPA  C18"]
[Site "Jastrzebia Gora"]
[Date "1899-12-30"]
[Round "5.10"]
[White "Brozyna, Mateusz"]
[Black "Slomczewski, Michal"]
[Result "1-0"]
[WhiteTitle "I+"]
[BlackTitle "I+"]
[WhiteElo "2147"]
[BlackElo "2045"]

1. e4 c6 2. d4 d5 3. Nc3 dxe4 4. Nxe4 Nf6 5. Nxf6+ gxf6 6. Nf3 Bg4 7. Be2 e6 8.
O-O Qc7 9. c4 Nd7 10. Nh4 Bxe2 11. Qxe2 O-O-O 12. Qh5 Nb6 13. b3 Rg8 14. g3 Bb4
15. Be3 f5 16. Qf3 Rg4 17. Rfc1 Be7 18. Ng2 Bf6 19. Bf4 Qe7 20. Ne3 Rgg8 21. Re1
Bxd4 22. Nxf5 Qf6 23. Nxd4 Rxd4 24. Kh1 Qf5 25. Re5 Qc2 26. Re2 Qd3 27. Be3 Rd7
28. Rd2 Qg6 29. Rxd7 Kxd7 30. a4 Rd8 31. a5 Nc8 32. a6 b6 33. Rd1+ Ke7 34. Rxd8
Kxd8 35. Qxc6 Qg4 36. Kg2 Ne7 37. Qd6+ Kc8 38. Qxe7 Qe4+ 39. Kh3 Qf5+ 40. g4 Qf3+
41. Kh4 h5 42. Qb7+ 1-0

[Event "FINAL MISTRZOSTW POLSKI JUNIOROW 2018 - GRUPA  C18"]
[Site "Jastrzebia Gora"]
[Date "1899-12-30"]
[Round "5.11"]
[White "Garbowski, Jakub"]
[Black "Zaleski, Lukasz"]
[Result "1-0"]
[WhiteTitle "k"]
[BlackTitle "k"]
[WhiteElo "2112"]
[BlackElo "2132"]

1. e4 e6 2. d4 d5 3. Nd2 h6 4. Ngf3 Nf6 5. e5 Nfd7 6. Bd3 c5 7. c3 Nc6 8. O-O g5
9. dxc5 Bxc5 10. Nb3 Bf8 11. Re1 Bg7 12. Bb5 Qc7 13. Bxc6 bxc6 14. Qd4 Bb7 15.
Nc5 Nxc5 16. Qxc5 g4 17. Nd4 Bxe5 18. Rxe5 Qxe5 19. Be3 Qf6 20. Nb3 e5 21. Qb4
Bc8 22. Re1 Qe7 23. Bc5 Qe6 24. Nd4 Qf6 25. Bd6 Kd7 26. Bxe5 Re8 27. f4 Qe7 28.
Qa5 Rd8 29. Nf5 Qe6 30. Qc7+ 1-0

[Event "FINAL MISTRZOSTW POLSKI JUNIOROW 2018 - GRUPA  C18"]
[Site "Jastrzebia Gora"]
[Date "1899-12-30"]
[Round "5.12"]
[White "Klepek, Witold"]
[Black "Dryja, Szymon"]
[Result "1-0"]
[WhiteTitle "k"]
[BlackTitle "I++"]
[WhiteElo "2126"]
[BlackElo "1896"]

1. e4 c6 2. d4 d5 3. Nc3 dxe4 4. Nxe4 Bf5 5. Ng3 Bg6 6. h4 h6 7. Nf3 Nf6 8. h5
Bh7 9. Bd3 Bxd3 10. Qxd3 e6 11. Bf4 Bb4+ 12. c3 Bd6 13. Bxd6 Qxd6 14. O-O-O O-O
15. Ne5 b5 16. Kb1 a5 17. Ne4 Nxe4 18. Qxe4 Qd5 19. Qe2 Nd7 20. f4 Nf6 21. g4
Rac8 22. Rhe1 Qd8 23. g5 hxg5 24. fxg5 Nd7 25. h6 g6 26. Rf1 Nb6 27. Nxf7 Rxf7
28. Qxe6 Rcc7 29. Qxg6+ Kf8 30. h7 1-0

[Event "FINAL MISTRZOSTW POLSKI JUNIOROW 2018 - GRUPA  C18"]
[Site "Jastrzebia Gora"]
[Date "1899-12-30"]
[Round "5.13"]
[White "Kus, Aleksander"]
[Black "Janiszewski, Filip"]
[Result "0-1"]
[WhiteTitle "k"]
[BlackTitle "I++"]
[WhiteElo "2009"]
[BlackElo "1869"]

1. e4 c5 2. Ne2 d6 3. g3 Nf6 4. Bg2 e5 5. c3 Be7 6. d4 cxd4 7. cxd4 O-O 8. Nbc3
a6 9. O-O b5 10. a3 Bb7 11. d5 Nbd7 12. h3 Nb6 13. Kh2 Nfd7 14. f4 Bf6 15. b3
Nc5 16. Bb2 Qe8 17. Rc1 a5 18. Ng1 b4 19. Nce2 Ba6 20. fxe5 Bxe5 21. Bxe5 Qxe5
22. Rf5 Qb2 23. Nd4 Nd3 24. Rc6 Qxd4 25. Ne2 Qb2 26. Rxb6 bxa3 27. Rf1 a2 28.
Rxa6 Rxa6 29. Qxd3 Raa8 30. Qd1 a1=Q 31. Qxa1 Qxe2 32. Qd4 Rab8 33. Rf3 Rb7 34.
Re3 Qa2 35. Qc4 Rfb8 36. e5 dxe5 37. d6 Rd7 38. Rxe5 Rxd6 39. Qc3 Rd2 40. Qc6
Rdd8 41. h4 g6 42. Re3 h5 43. Kh3 Rd2 44. Re5 Qxb3 45. Rxa5 Qe6+ 46. Qxe6 fxe6
47. Rg5 Rbb2 48. Rxg6+ Kf7 0-1

[Event "FINAL MISTRZOSTW POLSKI JUNIOROW 2018 - GRUPA  C18"]
[Site "Jastrzebia Gora"]
[Date "1899-12-30"]
[Round "5.14"]
[White "Kaminski, Maciej"]
[Black "Swider, Pawel"]
[Result "1/2-1/2"]
[WhiteTitle "I++"]
[BlackTitle "I"]
[WhiteElo "1957"]
[BlackElo "1941"]

1. e4 e5 2. Nf3 Nc6 3. Bb5 a6 4. Ba4 Nf6 5. O-O Be7 6. Re1 d6 7. c3 Bg4 8. h3 Bh5
9. d3 O-O 10. Nbd2 Nd7 11. Nf1 Nc5 12. Bc2 Ne6 13. Ng3 Bxf3 14. Qxf3 Bg5 15. Be3
Bxe3 16. Qxe3 Qg5 17. Qxg5 Nxg5 18. Rad1 Ne6 19. Ne2 Ne7 20. d4 Rad8 21. d5 Nc5
22. b4 Nd7 23. g4 Ng6 24. Kg2 Nf4+ 25. Nxf4 exf4 26. f3 g5 27. a4 a5 28. b5 b6
29. Bb3 Kg7 30. h4 f6 31. h5 Ne5 1/2-1/2